000 00784nam a2200217 4500
001 36795
003 BD-RjUL
005 20211209052537.0
008 160322s1946 ii ||||e |||| 00| 0 ben d
035 _a(BD-RjUL)36897
040 _aBD-RjUL
_bben
_cBD-RjUL
041 _aben
082 _a891.443
_bVOP 1946
_223
100 _aভট্টাচার্য, পশুপতি
_9112238
245 1 0 _aপদব্রজা /
_cপশুপতি ভট্টাচার্য
260 _aকলিকাতা :
_bশ্রীগোপালদাস মজ়ুমদার,
_c১৯৪৬ [১৩৫৩]
300 _a২৩৩ পৃ.
_c১৮ সেমি.
650 _aবাংলা উপন্যাস
_9111928
650 _aBengali Fiction
_9112169
942 _2ddc
_cBK
999 _c36795
_d36795